Northern Ireland County Quiz - Tyrone - Statistics

General Stats
  • This quiz has been taken 76 times
  • The average score is 6 of 15
Answer Stats
Hint Answer % Correct
County town of Tyrone Omagh
90%
Popular open-air museum and tourist attraction in County Tyrone Ulster American {Folk} Park
84%
Northern Ireland motorway that terminates near Dungannon, County Tyrone M1
70%
Range of mountains in County Tyrone, one of the largest upland areas in Northern Ireland Sperrin
64%
Fergy Malone from Tyrone played for the Philadelphia Athletics when they became champions of the first professional league for this sport in 1871 Baseball
50%
Town on the border with the Republic of Ireland that suffered a devasting flood in 1987 Strabane
48%
1985 World snooker champion from Coalisland Dennis Taylor
44%
Important historical site, once home to a dynasty known as the Kings of Tyrone {Hill} of The O’Neill
38%
Tyrone born New Zealand actor and star of 'Jurassic Park' Sam Neill
36%
One of the largest raised wetland areas in Northern Ireland and a site of special interest Black {Bog}
32%
Major tributary of the River Foyle formed from the confluence of the rivers Derg and Strule River Mourne
26%
James E. Boyd from Tyrone went on to be Governor of this place, the Cornhusker state Nebraska
16%
Complex of Bronze Age megalithic features, stone circles and cairns near Cookstown Beaghmore
8%
Tyrone born Astronomer Annie Maunder was a pioneer in recording the activity of these solar phenomena caused by concentrations of magnetic flux Sunspots
4%
The first published copies of the US Declaration of Independence, known by this name, were printed by John Dunlap, born in County Tyrone in 1747 Dunlap {Broadside}
2%
No matching quizzes found
Score Distribution
Percent of People with Each Score
Percentile by Number Answered
Your Score History
You have not taken this quiz